| 000 | 00482nam a22001217a 4500 | ||
|---|---|---|---|
| 999 |
_c9736 _d9736 |
||
| 003 | OSt | ||
| 008 | 201203b ||||| |||| 00| 0 eng d | ||
| 245 | _aUdyog Pragati The Journal for Practising managers | ||
| 250 | _a2009(Jan-Mar Vol.33 No.1, Apr-Jun Vol.33 No.2, Jul-Sep Vol.33 No.3) 2012(Jan-Mar Vol.36 No.1) 2011(Apr-Jun Vol.35 No.2) 2010(Oct-Dec Vol.34 No.4) | ||
| 260 |
_aMumbai _bNational Institute of Industrial Engineering |
||
| 650 | _aMechanical Engineering | ||
| 942 |
_2ddc _cBV |
||